| 000 | 00640nam a2200265Ia 4500 | ||
|---|---|---|---|
| 008 | 160803s9999 xx 000 0 und d | ||
| 020 | _a9780439653664 | ||
| 100 | _aBrooke, Lauren | ||
| 245 | _aNew beginnings / | ||
| 245 | _cby Lauren Brooke. | ||
| 260 | _aNew York : | ||
| 260 | _bScholastic Inc. | ||
| 260 | _c2004 | ||
| 300 | _a165 pages ; | ||
| 300 | _c20 cm. | ||
| 440 | _aHeartland ; | ||
| 440 | _vbk. 18 | ||
| 650 | _aHorse farms -- | ||
| 650 | _aHorses -- | ||
| 650 | _aVirginia -- | ||
| 650 | _xJuvenile literature. | ||
| 650 | _xJuvenile literature. | ||
| 650 | _xJuvenile literature. | ||
| 700 | _a800 | ||
| 999 |
_c298784 _d298784 |
||